Loading...
| Current Events | 1 | 10.00 | 100% | 0% | 0% |
| Fine Arts - Auditory | 6 | 13.33 | 100% | 33% | 0% |
| Fine Arts - Other | 7 | 8.57 | 71% | 14% | 0% |
| Fine Arts - Visual | 5 | 12.00 | 100% | 20% | 0% |
| Geography | 5 | 18.00 | 100% | 60% | 20% |
| History - American | 4 | 17.50 | 100% | 75% | 0% |
| History - Ancient | 1 | 20.00 | 100% | 100% | 0% |
| History - Ancient/Other | 3 | 13.33 | 100% | 33% | 0% |
| History - European | 3 | 10.00 | 100% | 0% | 0% |
| History - World | 4 | 17.50 | 100% | 75% | 0% |
| Literature - American | 2 | 10.00 | 100% | 0% | 0% |
| Literature - British | 5 | 12.00 | 100% | 20% | 0% |
| Literature - European | 4 | 12.50 | 100% | 25% | 0% |
| Literature - World | 5 | 10.00 | 80% | 20% | 0% |
| Mythology | 3 | 13.33 | 100% | 33% | 0% |
| Other Academic | 1 | 10.00 | 100% | 0% | 0% |
| Philosophy | 2 | 10.00 | 100% | 0% | 0% |
| Religion | 5 | 14.00 | 100% | 40% | 0% |
| Science - Biology | 4 | 7.50 | 75% | 0% | 0% |
| Science - Chemistry | 4 | 10.00 | 75% | 25% | 0% |
| Science - Other | 6 | 11.67 | 83% | 33% | 0% |
| Science - Physics | 6 | 11.67 | 100% | 17% | 0% |
| Social Science | 7 | 14.29 | 100% | 29% | 14% |